New Zealand Provincial Rugby Map Quiz - Name the Highlighted Province - Statistics

General Stats
  • This quiz has been taken 319 times
  • The average score is 17 of 26
Answers on the Map
Answers color-coded by a green-red scale on the quiz's map according to % correct below.
 
Answer Stats
Answer % Correct
Northland
84%
Auckland
83%
Tasman
79%
Wellington
78%
West Coast
77%
Taranaki
76%
Southland
75%
Bay of Plenty
74%
Otago
73%
Waikato
73%
Canterbury
72%
Hawke's Bay
71%
North Otago
69%
South Canterbury
66%
Buller
64%
Mid-Canterbury
64%
Counties Manukau
63%
East Coast
62%
North Harbour
62%
Poverty Bay
60%
Thames Valley
60%
King Country
59%
Horowhenua-Kapiti
58%
Manawatu
54%
Wairarapa-Bush
49%
Wanganui
45%
No matching quizzes found
Score Distribution
Percent of People with Each Score
Percentile by Number Answered
Your Score History
You have not taken this quiz